Theories of Development : (Record no. 3527)

MARC details
000 -LEADER
fixed length control field 01057cam a2200289 a 4500
001 - CONTROL NUMBER
control field 11769993
003 - CONTROL NUMBER IDENTIFIER
control field OSt
005 - DATE AND TIME OF LATEST TRANSACTION
control field 20240415161127.0
008 - FIXED-LENGTH DATA ELEMENTS--GENERAL INFORMATION
fixed length control field 990812s2000 njua b 001 0 eng
010 ## - LIBRARY OF CONGRESS CONTROL NUMBER
LC control number 99045003
020 ## - INTERNATIONAL STANDARD BOOK NUMBER
International Standard Book Number 0139554025
035 ## - SYSTEM CONTROL NUMBER
System control number (DLC) 99045003
040 ## - CATALOGING SOURCE
Original cataloging agency DLC
Transcribing agency DLC
Modifying agency DLC
050 00 - LIBRARY OF CONGRESS CALL NUMBER
Classification number BF713
Item number .C72 2000
082 00 - DEWEY DECIMAL CLASSIFICATION NUMBER
Classification number 338.9 CRA 2000
Edition number 21
100 1# - MAIN ENTRY--PERSONAL NAME
Personal name Crain, William C.,
9 (RLIN) 7875
245 10 - TITLE STATEMENT
Title Theories of Development :
Remainder of title concepts and applications
250 ## - EDITION STATEMENT
Edition statement 4th ed.
260 ## - PUBLICATION, DISTRIBUTION, ETC. (IMPRINT)
Place of publication, distribution, etc. Upper Saddle River, N.J. :
Name of publisher, distributor, etc. Prentice Hall,
Date of publication, distribution, etc. 2000.
300 ## - PHYSICAL DESCRIPTION
Extent xii, 420 p. :
Other physical details ill. ;
Dimensions 24 cm.
504 ## - BIBLIOGRAPHY, ETC. NOTE
Bibliography, etc Includes bibliographical references (p. 385-403) and indexes.
650 #0 - SUBJECT ADDED ENTRY--TOPICAL TERM
Topical term or geographic name as entry element Economic development
9 (RLIN) 7876
650 #0 - SUBJECT ADDED ENTRY--TOPICAL TERM
Topical term or geographic name as entry element Economic transformatiom
9 (RLIN) 16958
906 ## - LOCAL DATA ELEMENT F, LDF (RLIN)
a 7
b cbc
c orignew
d 1
e ocip
f 19
g y-gencatlg
942 ## - ADDED ENTRY ELEMENTS (KOHA)
Source of classification or shelving scheme Dewey Decimal Classification
Koha item type Short Loan
Holdings
Withdrawn status Lost status Source of classification or shelving scheme Damaged status Not for loan Home library Current library Date acquired Inventory number Total Checkouts Full call number Barcode Date last seen Koha item type
    Dewey Decimal Classification     MUST Main Library MUST Main Library 13/04/2016 06/27541   338.9 CRA 2000 2016-0853 13/04/2016 Short Loan